| 000 | 01539cam a2200433 a 4500 | ||
|---|---|---|---|
| 001 | 2543 | ||
| 003 | FISKH | ||
| 005 | 20231214155114.0 | ||
| 008 | 100730s2011 nyu c 000 1 eng | ||
| 010 | _a 2010028356 | ||
| 020 | _a9780385740012 | ||
| 020 | _a9780385908177 | ||
| 020 | _a9780375898686 | ||
| 020 | _a9780375866111 | ||
| 020 | _a9780545495301 | ||
| 040 |
_aDLC _cDLC _dDLC _beng |
||
| 042 | _alcac | ||
| 050 | 0 | 0 |
_aPZ7.P2843 _bLi 2011 |
| 082 | 0 | 0 |
_a700.1 _222 |
| 100 | 1 | _aPaulsen, Gary | |
| 245 | 1 | 0 |
_aLiar, liar : _bthe theory, practice, and destructive properties of deception / _cGary Paulsen |
| 250 | _aFirst Scholastic printing, September 2012 | ||
| 260 |
_aNew York : _bScholastic, _c2011 |
||
| 300 |
_a120 pages : _c19 cm |
||
| 500 | _aCompanion book to: Vote, Crush, Family ties, and Flat broke. | ||
| 505 | _aZ | ||
| 520 | _aFourteen-year-old Kevin is very good at lying and doing so makes life easier, but when he finds himself in big trouble with his friends, family, and teachers, he must find a way to end his lies forever. | ||
| 521 | 8 |
_a940 _bLexile |
|
| 521 | 8 |
_aZ _bRaz-Plus |
|
| 650 | 1 |
_aHonesty _vFiction. |
|
| 650 | 1 |
_aInterpersonal relations _vFiction. |
|
| 650 | 1 |
_aMiddle schools _vFiction. |
|
| 650 | 1 |
_aSchools _vFiction. |
|
| 650 | 1 |
_aFamily problems _vFiction. |
|
| 650 | 1 | _aHumorous stories. | |
| 906 |
_a7 _bcbc _corignew _d1 _eecip _f20 _gy-gencatlg |
||
| 942 |
_2ddc _cBK _n0 |
||
| 999 |
_c2543 _d2543 |
||